000 00484nam a2200133Ia 4500
008 220216s9999 xx 000 0 und d
100 _aPushpadas M V
245 0 _aBy-products and ancillary activities in rubber plantations
260 _bHandbook of natural rubber production in India. (Ed. P.N. Radhakrishna Pillay). Rubber Research Institute of India, Kottayam, India, pp. 505-514.
650 _aAncillary income
700 _aHaridasan V
700 _aJayaratnam K
942 _cBO
999 _c48262
_d48262